|
|
|
|
| LEADER |
00000nab a2200000 a 4500 |
| 001 |
vtls000932091 |
| 003 |
SK-MaSNL |
| 005 |
20260304221025.0 |
| 008 |
040720e20040304xo 0 slo |
| 035 |
|
|
|a KE40968
|
| 040 |
|
|
|a KEVKJB
|b slo
|c KEVKJB
|e AACR2
|
| 041 |
0 |
|
|a slo
|
| 044 |
|
|
|a xo
|c SK
|
| 080 |
|
|
|a 352.075.2
|2 1981
|
| 100 |
0 |
|
|a (ren)
|4 aut
|9 877268
|
| 245 |
1 |
0 |
|a Mesto hľadá možnosti, ako zamestnať Rómov, pripravuje projekt Bezpečné európske mesto
|b Primátor so šéfmi štátnej a mestskej polície, ako aj so starostom Lunika IX budú spoločne zabezpečovať pokoj...
|
| 300 |
|
|
|b 1 foto
|
| 610 |
1 |
7 |
|a Košice (Slovensko).
|b Magistrát
|2 KEVKJB
|9 168631
|
| 650 |
0 |
7 |
|a Rómovia
|2 KEVKJB
|9 1702
|
| 650 |
0 |
7 |
|a bezpečnosť
|2 KEVKJB
|9 274422
|
| 650 |
0 |
7 |
|a projekty
|2 KEVKJB
|9 18866
|
| 650 |
0 |
7 |
|a Bezpečné európske Košice (projekt)
|2 KEVKJB
|9 1552941
|
| 650 |
0 |
7 |
|a prípravy
|2 KEVKJB
|9 315432
|
| 651 |
|
7 |
|a Košice (Slovensko)
|2 KEVKJB
|9 18694
|
| 651 |
|
7 |
|a KE,
|2 KEVKJB
|9 877256
|
| 655 |
|
7 |
|a periodikum
|2 snkbucl
|9 29553
|
| 710 |
2 |
|
|a Košice (Slovensko).
|b Magistrát
|4 aut
|9 168631
|
| 773 |
0 |
8 |
|t Košický denník Korzár
|g Roč. 7, č.53, 4.3.2004, s. 2
|x 1335-4566
|
| 852 |
|
|
|a ZVYKNI
|b KIS3GCP
|
| 999 |
|
|
|c 3155481
|d 3157411
|